000 01290cam a2200337 a 4500
001 14095065
003 Nust
005 20210916113538.0
008 050901s2006 njua 001 0 eng
010 _a 2005054226
020 _a9780470505892
035 _a(OCoLC)ocm61463870
038 _akhadija
040 _aDLC
_cDLC
_dYDX
_dBAKER
_dDLC
050 0 0 _aQA303.2
_b.A66 2010
082 0 0 _a515 APP
_222
100 _a Hughes-Hallett, Deborah.
_982484
245 0 0 _aApplied calculus /
_c Hughes-Hallett, Deborah.
250 _a3rd ed.
_bDeborah Hughes-Hallett ... [et al.], with the assistance of Otto K. Bretscher ... [et al.].
260 _aHoboken, NJ :
_bWiley,
_cc2006.
300 _axx, 506 p. :
_bill. ;
_c27 cm.
500 _aIncludes index.
563 _apaperback
650 0 _aCalculus
_vTextbooks.
_94507
700 1 _aHughes-Hallett, Deborah.
_982485
856 4 1 _3Table of contents only
_uhttp://www.loc.gov/catdir/toc/fy0612/2005054226.html
856 4 2 _3Publisher description
_uhttp://www.loc.gov/catdir/enhancements/fy0625/2005054226-d.html
906 _a7
_bcbc
_corignew
_d1
_eocip
_f20
_gy-gencatlg
942 _2ddc
_cBK
999 _c173194
_d173194